Fuzzy sets and fuzzy logic: Theory and applications (Record no. 178191)

MARC details
000 -LEADER
fixed length control field 00422nam a2200157Ia 4500
008 - FIXED-LENGTH DATA ELEMENTS--GENERAL INFORMATION
fixed length control field 231217s9999 xx 000 0 und d
020 ## - INTERNATIONAL STANDARD BOOK NUMBER
International Standard Book Number 8120311361
041 ## - LANGUAGE CODE
Language code of text/sound track or separate title English
082 ## - DEWEY DECIMAL CLASSIFICATION NUMBER
Classification number 001.539 KLI1;2 R
100 ## - MAIN ENTRY--PERSONAL NAME
Personal name Klir, George J Yuan, Bo
245 #0 - TITLE STATEMENT
Title Fuzzy sets and fuzzy logic: Theory and applications
260 ## - PUBLICATION, DISTRIBUTION, ETC.
Date of publication, distribution, etc. 1995
Name of publisher, distributor, etc. PHI
Place of publication, distribution, etc. New Delhi
300 ## - PHYSICAL DESCRIPTION
Extent xv+574
650 ## - SUBJECT ADDED ENTRY--TOPICAL TERM
Topical term or geographic name entry element Fuzzy sets Fuzzy logic
942 ## - ADDED ENTRY ELEMENTS (KOHA)
Koha item type Books
Holdings
Date last seen Total checkouts Full call number Accession number Cost, total (INR) price Price effective from Category Lost status Damaged status Department Withdrawn status Home library Current library Shelving location Entry date Vendor Cost, normal purchase price Grants Billnumber Billdate Currency symbol Conversion rate Discount Old discount
26/01/2024   001.539 KLI1;2 R 43115 200.00 26/01/2024 Books     Central Library   Central Library Central Library Central Library 22/09/2006 Tata Book House 250.00 IS 2858 01/09/2008 RS 1 50 20
26/01/2024   001.539 KLI1;3 R1 43116 200.00 26/01/2024 Books     Central Library   Central Library Central Library Library Annex 22/09/2006 Tata Book House 250.00 IS 2858 01/09/2008 RS 1 50 20
26/01/2024   001.539 KLI1;4 43117 200.00 26/01/2024 Books     Central Library   Central Library Central Library   22/09/2006 Tata Book House 250.00 IS 2858 01/09/2008 RS 1 50 20
26/01/2024   001.539 KLI1;5 43118 200.00 26/01/2024 Books     Central Library   Central Library Central Library   22/09/2006 Tata Book House 250.00 IS 2858 01/09/2008 RS 1 50 20
26/01/2024   001.539 KLI1;6 43119 200.00 26/01/2024 Books     Central Library   Central Library Central Library Central Library 22/09/2006 Tata Book House 250.00 IS 2858 01/09/2008 RS 1 50 20

© For any Suggestions or Query, please contact the library staff @ librarian@pes.edu or Phone: +9180 2672 1983/ 2108.